| 000 | 00973nam0a22002531 4500 | ||
|---|---|---|---|
| 001 | rc\2727838 | ||
| 005 | 20250806203806.0 | ||
| 035 | _a(NLR Aleph) 006855269 | ||
| 090 |
_a8963 _c8963 |
||
| 100 | _a20110915d1943 u y0rusy50 ca | ||
| 101 | 0 | _arus | |
| 102 | _aRU | ||
| 105 | _ab z ||||| | ||
| 200 | 1 |
_aИтоги развития и основные вопросы нефтяной геологии в Азербайджане _eДоклад, прочит. на сессии АзФАН СССР 24 апр. 1943 г. _fА. А. Якубов, д-р геол.-минерал. наук |
|
| 210 |
_aБаку _cАзнефтеиздат _d1943 |
||
| 215 |
_a50 с. _cкарт. _d21 см. |
||
| 700 | 1 |
_aЯкубов _bА.А. _gАхад Алекперович |
|
| 801 | 0 |
_aRU _bNLR _gpsbo |
|
| 801 | 1 |
_aRU _bELAR _2rusmarc |
|
| 852 |
_aNLR _jГн02 Г-4/39 |
||
| 942 | _cBOOK | ||
| 945 | _aРоссийская национальная библиотека | ||
| 980 | _aNB | ||
| 980 | _aBV | ||